| 000 | 00591nam a22001937a 4500 | ||
|---|---|---|---|
| 003 | JO-AjAnu | ||
| 005 | 20240528140717.0 | ||
| 008 | 240528b jo ||||| |||| 00| 0 ara d | ||
| 040 | _cJO-AjAnu | ||
| 041 | _aara | ||
| 050 |
_aBC99 _b2019 |
||
| 100 | 1 |
_aعلي، حسين _965427 _eمؤلف |
|
| 245 | 0 |
_aمبادئ المنطق الرمزي / _cحسين علي |
|
| 250 | _aالطبعة الاولى | ||
| 260 |
_aعمان : _bدار الجوهرة للنشر والتوزيع، _c2019 |
||
| 300 | _a198 صفحة | ||
| 650 | 7 | 0 |
_aالمنطق الرمزي _965428 |
| 942 |
_2lcc _cBK _n0 |
||
| 999 |
_c33493 _d33493 |
||